Regional report (Record no. 81303)

MARC details
000 -LEADER
fixed length control field 01041cab a22002175a 4500
001 - CONTROL NUMBER
control field L146839
008 - FIXED-LENGTH DATA ELEMENTS--GENERAL INFORMATION
fixed length control field 090304e20090227xxkad f s 000 0 eng d
035 ## - SYSTEM CONTROL NUMBER
System control number (Sirsi) u146839
041 0# - LANGUAGE CODE
Language code of text/sound track or separate title eng
100 1# - MAIN ENTRY--PERSONAL NAME
Personal name Hatcher, David
245 00 - TITLE STATEMENT
Title Regional report
Remainder of title Herts, Beds and Bucks
260 ## - PUBLICATION, DISTRIBUTION, ETC.
Date of publication, distribution, etc. 2009
490 #0 - SERIES STATEMENT
Series statement Property Week
Volume/sequential designation 75(9) 27 February 2009, 57-68(7)
520 ## - SUMMARY, ETC.
Summary, etc. Reviews news and deals from around the region. Reports on how some office occupiers are looking at Milton Keynes as a headquarters location, despite the economic downturn. Provides thumbnail sketches on how office markets in the region's towns are coping with the downturn. Reveals that there is opposition to proposals for a new rail development in Radlett. Reports on the first case for compensation for the Buncefield oil depot disaster which is now nearing conclusion.
590 ## - LOCAL NOTE (RLIN)
Local note KA
651 #4 - SUBJECT ADDED ENTRY--GEOGRAPHIC NAME
Geographic name Hertfordshire
651 #4 - SUBJECT ADDED ENTRY--GEOGRAPHIC NAME
Geographic name Bedfordshire
651 #4 - SUBJECT ADDED ENTRY--GEOGRAPHIC NAME
Geographic name Buckinghamshire
690 ## - LOCAL SUBJECT ADDED ENTRY--TOPICAL TERM (OCLC, RLIN)
Topical term or geographic name as entry element PROPERTY-COMMERCIAL PROPERTY-COMMERCIAL PROPERTY MARKET
942 ## - ADDED ENTRY ELEMENTS (KOHA)
Suppress in OPAC 0
Holdings
Withdrawn status Lost status Source of classification or shelving scheme Damaged status Not for loan Home library Current library Shelving location Date acquired Total Checkouts Full call number Barcode Date last seen Copy number Price effective from Koha item type
    Dewey Decimal Classification     London London Journal article 04/03/2009   L146839 146839-1001 06/08/2019 1 06/08/2019 Journal article